000 00751nab a22001937a 4500
999 _c5835
_d5835
003 OSt
005 20260108010334.0
008 190514b xxu||||| |||| 00| 0 spa d
040 _cPJ
100 _94365
_aFortuna, Sebastián Ignacio
245 1 0 _aMaternidad en disputa :
_bdomesticidad moderna, maternalización de las mujeres y gestación subrogada /
_cSebastián I. Fortuna.
300 _ap. 11-15
505 _tSi te interesa el texto, comunicate a koha@justierradelfuego.gov.ar
650 0 _9967
_aDERECHO DE FAMILIA
650 0 _94973
_aPROTECCION DE LA MATERNIDAD
650 0 _94486
_aGESTACION POR SUSTITUCION
773 0 _02844
_93222
_dBuenos Aires : AbeledoPerrot, 1989-
_tDerecho de familia. N° 119 - Mayo 2025
_z18511201
942 _2udc
_cANA